• 首页
  • 本馆介绍
  • 公告通知
  • 最新文献
  • 馆藏检索
  • 电子资源
  • 读者导购
  • 参考咨询
  • 我的图书馆
  • 登录
  • 详细信息显示
  • 放入我的书架
  • 预约/预借图书
  • 作者相关作品
  • 分类相关作品
  • 丛书相关作品
  • 出版社相关作品

书目信息

  • 表格格式
  • 工作单格式
  • 卡片格式
题名:
化学激光手册
    
 
作者: 格罗斯 , Gross , 博特 , Bott 主编 ;尹厚明 译
分册:  
出版信息: 北京   科学出版社  1987
页数: 761页
开本: 20cm
丛书名:
单 册:
中图分类: TN248.5
科图分类:
主题词: 化学激光器
电子资源:
ISBN:
000 00952nam0 2200325 45
001 0187006004
005 20040519172835.2
010    @dCNY7.10
091    @a13031.3665
100    @a19900808d1987 emky0chiy0121 ea
101 1  @achi@ceng
102    @aCN@b110000
105    @ay z 000yy
106    @ar
200 10 @a化学激光手册@Ahua xue ji guang shou ce@f(美)格罗斯(Gross,R.W.), (美)博特(Bott,J.F.)主编@g尹厚明译
210    @a北京@c科学出版社@d1987
215    @a761页@d20cm
300    @a书名原文: Handbook of chemical laser
510 1  @aHandbook of chemical lasers@zeng
606    @a化学激光器
610 0  @a激光器
690    @aTN248.5@v3 
701  1 @a格罗斯@Age luo si@bR.W.@4主编
701 A1 @aGross@bR.W.@4主编
701  1 @a博特@Abo te@bJ.F.@4主编
701 A1 @aBott@bJ.F.@4主编
702  0 @a尹厚明@Ayin hou ming@4译
801  0 @aCN@b深圳图书馆@c20040519
801  2 @aCN@bNLC@c20040519
905    @f1@b205418@dTN248.5@e43
    
    化学激光手册/(美)格罗斯(Gross,R.W.), (美)博特(Bott,J.F.)主编/尹厚明译.-北京:科学出版社,1987
    761页;20cm
    书名原文: Handbook of chemical laser
    
    ISBN :CNY7.10
    
●
相关链接 在E读中查询图书 在五车中查询图书 在当当中查询图书 在豆瓣中查询图书


正题名:化学激光手册     索取号:TN248.5/43         预约/预借

序号 登录号 条形码 馆藏地/架位号 状态 备注
1 0205418   001350745   第三借阅区/ [索取号:TN248.5/43] 在馆    
2 0205419   001351138   密集书库/ [索取号:TN248.5/43] 在馆    
3 0205420   001351174   第二样本阅览室/ [索取号:TN248.5/43] 在馆    
唐山师范学院图书馆 欢迎您!
大连网信软件有限公司© 版权所有